[Event "9. LGA Premium Cup 2012"]
[Site "Nürnberg"]
[Date "2012.09.07"]
[Round "4.38"]
[White "Eisenbeiser, Amadeus"]
[Black "Frey, Alisa"]
[Result "1-0"]
[WhiteElo "2378"]
[BlackElo "2005"]
[PlyCount "183"]
[EventDate "2012.??.??"]
[WhiteTeam "BG Buchen"]
[BlackTeam "SC Eppingen"]

1. e4 e5 2. Nf3 Nc6 3. Bc4 Nf6 4. d3 Be7 5. O-O O-O 6. Re1 d6 7. c3 Na5 8. Bb5
a6 9. Ba4 b5 10. Bc2 c5 11. h3 Qc7 12. Nbd2 Re8 13. Nf1 h6 14. d4 cxd4 15. cxd4
Nc6 16. d5 Nb4 17. Bb1 a5 18. Be3 Bd7 19. Ng3 Rec8 20. Qd2 Qb7 21. Rd1 Rc4 22.
b3 Rcc8 23. a3 Na6 24. b4 axb4 25. axb4 Nc7 26. Bd3 Rxa1 27. Rxa1 Na8 28. Qe2
Bd8 29. Nd2 Rc3 30. Nb1 Rc8 31. Nf1 Nb6 32. Nbd2 Na4 33. Ng3 Nb2 34. Nb3 Nxd3
35. Qxd3 Bb6 36. Na5 Qa7 37. Bxb6 Qxb6 38. Ne2 g6 39. Ra3 Kg7 40. Ra2 Qc7 41.
Kf1 Nh5 42. Ra1 Kh7 43. g4 Nf4 44. Nxf4 exf4 45. Rb1 Qd8 46. Nc6 Qh4 47. Rb3
Bxc6 48. dxc6 Rxc6 49. Qxb5 Rc2 50. Rf3 Qe7 51. Rxf4 Rc3 52. Qd5 Kg8 53. Kg2
Rc1 54. Rf3 Re1 55. Re3 Rxe3 56. fxe3 Qf6 57. Qd4 Qe6 58. Qd5 Qf6 59. b5 Qb2+
60. Kf3 Qh2 61. b6 Qxh3+ 62. Kf2 Qh2+ 63. Ke1 Qg1+ 64. Kd2 Qf2+ 65. Kd1 Qf1+
66. Kc2 Qe2+ 67. Kb1 Qe1+ 68. Ka2 Qe2+ 69. Kb1 Qe1+ 70. Kc2 Qe2+ 71. Qd2 Qc4+
72. Qc3 Qxe4+ 73. Kb3 Qb1+ 74. Qb2 Qd3+ 75. Kb4 Qxe3 76. Kb5 Qe4 77. Qa2 Qe8+
78. Kb4 Qe4+ 79. Qc4 Qb1+ 80. Ka5 Qa1+ 81. Kb5 Qe5+ 82. Kc6 Qe8+ 83. Kc7 Qe7+
84. Kb8 Kh7 85. b7 Qd8+ 86. Qc8 Qa5 87. Qc7 Qa4 88. Qxf7+ Kh8 89. Qf8+ Kh7 90.
Qe7+ Kh8 91. Qd8+ Kg7 92. Kc8 1-0

[Event "9. LGA Premium Cup 2012"]
[Site "Nürnberg"]
[Date "2012.09.07"]
[Round "4.40"]
[White "Berchtenbreiter, Maximilian"]
[Black "Liepold, Stefan"]
[Result "1-0"]
[WhiteElo "2328"]
[BlackElo "2161"]
[PlyCount "89"]
[EventDate "2012.??.??"]
[WhiteTeam "SGem Pang/Rosenheim"]
[BlackTeam "SC Erlangen 48/88 e.V."]

1. e4 e6 2. d3 d5 3. Nd2 Nf6 4. Ngf3 b6 5. g3 dxe4 6. dxe4 Bb7 7. Qe2 Nbd7 8.
Bg2 e5 9. O-O Bc5 10. b3 Qe7 11. a4 a5 12. Bb2 O-O 13. Rfd1 Ng4 14. Rf1 Ngf6
15. Nh4 g6 16. Nc4 Ba6 17. Kh1 Ne8 18. f4 Nd6 19. f5 Nxc4 20. bxc4 Rfe8 21. Bc1
Qd6 22. Rb1 Qc6 23. Rb5 Bf8 24. Bh3 Nc5 25. fxg6 hxg6 26. Qf2 Re7 27. Bg2 Rae8
28. Nf3 Bxb5 29. cxb5 Qxe4 30. Ng5 Qc4 31. h4 Bg7 32. h5 e4 33. Be3 Nd7 34. Rd1
Nf6 35. Bf1 Qa2 36. Be2 gxh5 37. Bd4 e3 38. Qf5 Re6 39. Bxh5 e2 40. Bxf7+ Kf8
41. Re1 Qd5+ 42. Qxd5 Nxd5 43. Bxg7+ Kxg7 44. Bxe6 Nc3 45. Bc4 1-0

[Event "9. LGA Premium Cup 2012"]
[Site "Nürnberg"]
[Date "2012.09.07"]
[Round "4.42"]
[White "Stein, Marco"]
[Black "Zwahr, Paul"]
[Result "0-1"]
[WhiteElo "2149"]
[BlackElo "2320"]
[PlyCount "64"]
[EventDate "2012.??.??"]
[WhiteTeam "SK Marktoberdorf"]
[BlackTeam "SG Grün-Weiß Dresden"]

1. d4 Nf6 2. c4 g6 3. f3 Bg7 4. e4 d6 5. Nc3 O-O 6. Be3 c6 7. Qd2 a6 8. O-O-O
b5 9. h4 Nbd7 10. Bh6 Qa5 11. h5 e5 12. hxg6 fxg6 13. Bxg7 Kxg7 14. Qh6+ Kg8
15. Nh3 exd4 16. Rxd4 b4 17. Nb1 Qc5 18. Ng5 Rf7 19. Nxf7 Qxd4 20. Ng5 Nf8 21.
Nd2 a5 22. f4 Bg4 23. Ngf3 Bxf3 24. gxf3 a4 25. e5 dxe5 26. fxe5 Qxe5 27. Bd3
Rd8 28. Bc2 a3 29. Bb3 Qxb2+ 30. Kd1 Qb1+ 31. Ke2 Qd3+ 32. Ke1 c5 0-1

[Event "9. LGA Premium Cup 2012"]
[Site "Nürnberg"]
[Date "2012.09.07"]
[Round "4.43"]
[White "Seyb, Alexander"]
[Black "Krauß, Josef"]
[Result "1/2-1/2"]
[WhiteElo "2313"]
[BlackElo "2125"]
[PlyCount "96"]
[EventDate "2012.??.??"]
[WhiteTeam "SC Forchheim e.V."]
[BlackTeam "Schachklub Schweinfurt 2000 e.V."]

1. e4 d6 2. d4 Nf6 3. Nc3 g6 4. f4 Bg7 5. Nf3 O-O 6. Bd3 Na6 7. O-O c5 8. d5
Bg4 9. Bc4 Nc7 10. h3 Bxf3 11. Qxf3 a6 12. Rd1 b5 13. Bf1 Nd7 14. Ne2 Qc8 15.
c3 Qb7 16. g4 Rae8 17. Bg2 Qb6 18. a4 bxa4 19. Ng3 c4+ 20. Qf2 Qxf2+ 21. Kxf2
Nc5 22. Bf1 Nb5 23. Bxc4 a3 24. Bxb5 axb2 25. Bxb2 axb5 26. Ke3 Na4 27. Rab1 b4
28. Ba1 Nxc3 29. Bxc3 bxc3 30. Kd3 Rb8 31. Ne2 Rb2 32. Nxc3 Rh2 33. Rh1 Rf2 34.
Rbf1 Rb2 35. Rb1 Rfb8 36. Rxb2 Rxb2 37. Nd1 Rb3+ 38. Ke2 Bd4 39. g5 h5 40. h4
Kg7 41. Rh2 Ra3 42. Nf2 Ra2+ 43. Kf3 Ra3+ 44. Ke2 e6 45. dxe6 fxe6 46. Rg2 Ra2+
47. Kf3 Ra3+ 48. Ke2 Ra2+ 1/2-1/2

[Event "9. LGA Premium Cup 2012"]
[Site "Nürnberg"]
[Date "2012.09.07"]
[Round "4.44"]
[White "Shiomi, Ryo"]
[Black "Siedentopf, Daniel"]
[Result "0-1"]
[WhiteElo "2122"]
[BlackElo "2310"]
[PlyCount "80"]
[EventDate "2012.??.??"]
[WhiteTeam "JPN"]
[BlackTeam "SG Grün-Weiß Dresden"]

1. e4 e6 2. d4 d5 3. Nd2 Nf6 4. Bd3 c5 5. c3 Nc6 6. Ngf3 cxd4 7. cxd4 Qb6 8.
O-O Be7 9. a3 a5 10. exd5 exd5 11. Qb3 Qc7 12. h3 O-O 13. Re1 h6 14. Nf1 Be6
15. Qd1 Bd6 16. Bc2 b5 17. Be3 a4 18. Nh4 Na5 19. Rc1 Nc4 20. Qf3 Qd8 21. Bf4
Ne4 22. Bxd6 Ncxd6 23. Qh5 Rc8 24. Ng3 f5 25. Nf3 f4 26. Nxe4 dxe4 27. Qe5 Re8
28. Bxe4 Rxc1 29. Rxc1 Bf7 30. Qxf4 Rxe4 31. Qg3 Nf5 32. Qc7 Qxc7 33. Rxc7 Nxd4
34. Rc8+ Kh7 35. Rc5 Nxf3+ 36. gxf3 Re1+ 37. Kg2 Bc4 38. f4 Rb1 39. f5 Rxb2 40.
Rc7 Kg8 0-1

[Event "9. LGA Premium Cup 2012"]
[Site "Nürnberg"]
[Date "2012.09.07"]
[Round "4.46"]
[White "Schatz, Christian"]
[Black "Pfadenhauer, Johannes"]
[Result "1-0"]
[WhiteElo "2222"]
[BlackElo "1877"]
[PlyCount "73"]
[EventDate "2012.??.??"]
[WhiteTeam "Schachzentrum Fürth 2002"]
[BlackTeam "Kronacher SK 1882 e.V."]

1. d4 Nf6 2. Nf3 g6 3. Bg5 Bg7 4. Nbd2 d6 5. e4 O-O 6. c3 c6 7. Bd3 Qc7 8. h3
Nbd7 9. O-O e5 10. Bc2 Re8 11. dxe5 dxe5 12. Nc4 Nc5 13. Qd6 Qxd6 14. Nxd6 Re6
15. Rad1 b6 16. b4 Ncd7 17. Bb3 Re7 18. Rd2 Nf8 19. Nxc8 Rxc8 20. Rd6 N8d7 21.
Rfd1 Rc7 22. Ba4 b5 23. Bb3 h6 24. Bxf6 Bxf6 25. c4 Kg7 26. Rc1 Rb7 27. Rxc6
bxc4 28. R1xc4 Nb6 29. Rc1 Red7 30. b5 Na8 31. R6c5 Nc7 32. a4 Re7 33. Bc4 Re8
34. Rc6 Bd8 35. Rd1 f6 36. Rd7+ Kh8 37. Nh4 1-0

[Event "9. LGA Premium Cup 2012"]
[Site "Nürnberg"]
[Date "2012.09.07"]
[Round "4.47"]
[White "Karasek, Christian"]
[Black "Maier, Alexander"]
[Result "0-1"]
[WhiteElo "2108"]
[BlackElo "2303"]
[PlyCount "94"]
[EventDate "2012.??.??"]
[WhiteTeam "SC Noris-Tarrasch Nürnberg 1873"]
[BlackTeam "SK Ingolstadt"]

1. e4 Nc6 2. d4 d5 3. e5 Bf5 4. Bb5 Qd7 5. Nf3 a6 6. Ba4 e6 7. Be3 Nge7 8. Nbd2
h6 9. Nh4 Bh7 10. f4 Nc8 11. c3 Nb6 12. Bc2 Be7 13. Nhf3 Bxc2 14. Qxc2 Nc4 15.
Nxc4 dxc4 16. Qe4 O-O 17. Nd2 b5 18. O-O f5 19. exf6 Bxf6 20. b3 cxb3 21. Nxb3
Qd5 22. Nc5 Qxe4 23. Nxe4 Ne7 24. Nc5 Nd5 25. Bd2 b4 26. Nxe6 bxc3 27. Be1 Rfe8
28. f5 Ne3 29. Bxc3 Nxf1 30. Kxf1 Re7 31. Rb1 Rc8 32. Rb7 c6 33. Rb6 c5 34.
Rxa6 cxd4 35. Bd2 Rb7 36. Ke2 h5 37. Kd3 Rb5 38. Nxd4 Bxd4 39. Kxd4 Rxf5 40.
Be3 Rc2 41. Ke4 Rf7 42. h4 Rc4+ 43. Kd5 Rxh4 44. g3 Rg4 45. Bf4 h4 46. Ra3 h3
47. Rf3 g5 0-1

[Event "9. LGA Premium Cup 2012"]
[Site "Nürnberg"]
[Date "2012.09.07"]
[Round "4.49"]
[White "Lorscheid, Gerhard"]
[Black "Baskin, Robert"]
[Result "1/2-1/2"]
[WhiteElo "2254"]
[BlackElo "2070"]
[PlyCount "74"]
[EventDate "2012.??.??"]
[WhiteTeam "Stuttgarter SF 1879"]
[BlackTeam "SAbt TuS Makkabi Ffm"]

1. d4 Nf6 2. c4 g6 3. Nc3 Bg7 4. e4 d6 5. f3 O-O 6. Nge2 Nc6 7. Be3 a6 8. Qd2
Rb8 9. Rc1 Bd7 10. b3 b5 11. cxb5 axb5 12. d5 Na5 13. Nd4 b4 14. Ncb5 Ne8 15.
Qxb4 Bxd4 16. Bxd4 c5 17. dxc6 Nxc6 18. Qd2 Nxd4 19. Nxd4 Qb6 20. Bc4 Nf6 21.
Ne2 Rfc8 22. Nc3 Be6 23. Bxe6 fxe6 24. Qf2 Qb4 25. Qe3 d5 26. exd5 exd5 27. O-O
Qd6 28. Rcd1 e5 29. Rfe1 Re8 30. Re2 Rbd8 31. Nb5 Qc6 32. a4 d4 33. Qd3 Nd5 34.
Rc2 Qd7 35. Re1 Ne3 36. Rc7 Qf5 37. Qd2 Qe6 1/2-1/2

[Event "9. LGA Premium Cup 2012"]
[Site "Nürnberg"]
[Date "2012.09.07"]
[Round "4.50"]
[White "Porth, Hartmut"]
[Black "Eber, Fabian"]
[Result "1-0"]
[WhiteElo "2229"]
[BlackElo "1986"]
[PlyCount "115"]
[EventDate "2012.??.??"]
[WhiteTeam "SV Bargteheide"]
[BlackTeam "SF Wilhermsdorf e.V."]

1. e4 g6 2. f4 Bg7 3. Nf3 d6 4. Bc4 e6 5. Bb3 c5 6. d3 Nc6 7. c3 Nge7 8. O-O d5
9. e5 h5 10. Be3 b6 11. Bf2 Nf5 12. d4 Bh6 13. g3 Bf8 14. Na3 Ba6 15. Ba4 Qd7
16. Re1 cxd4 17. cxd4 Bb4 18. Qc2 Nfe7 19. Rec1 Bxa3 20. bxa3 Rc8 21. Qd1 Bc4
22. Be1 Nf5 23. Bf2 b5 24. Bc2 Nh6 25. h3 Qe7 26. a4 b4 27. Nd2 Na5 28. Nb3
Bxb3 29. axb3 O-O 30. Be1 Nf5 31. Bxf5 exf5 32. Qd3 Qb7 33. g4 fxg4 34. hxg4
Rxc1 35. Rxc1 Rc8 36. Rb1 Qd7 37. f5 Nc6 38. Qe3 Ne7 39. Bxb4 hxg4 40. e6 fxe6
41. Qxe6+ Qxe6 42. fxe6 Nf5 43. Bc5 Re8 44. Re1 a6 45. b4 Rb8 46. Re5 Kg7 47.
Rxd5 Re8 48. e7 Nh4 49. Rd8 Kf7 50. Kf2 Nf3 51. d5 Ne5 52. Kg3 g5 53. b5 axb5
54. axb5 Nd3 55. Rxe8 Kxe8 56. Ba3 Ne5 57. b6 Nd7 58. b7 1-0

[Event "9. LGA Premium Cup 2012"]
[Site "Nürnberg"]
[Date "2012.09.07"]
[Round "4.51"]
[White "Wulfmeyer, Johannes"]
[Black "Luther, Helmut"]
[Result "1-0"]
[WhiteElo "2226"]
[BlackElo "2017"]
[PlyCount "72"]
[EventDate "2012.??.??"]
[WhiteTeam "SC Noris-Tarrasch Nürnberg 1873"]
[BlackTeam "SW Nürnberg Süd e.V."]

1. c4 d6 2. Nc3 e5 3. d4 exd4 4. Qxd4 Nc6 5. Qd2 Nf6 6. b3 g6 7. Bb2 Bg7 8. Nf3
O-O 9. e3 Re8 10. Be2 b6 11. O-O Bb7 12. Rfd1 Ne5 13. Nxe5 dxe5 14. Qxd8 Rexd8
15. Nb5 Ne8 16. f3 a6 17. Nc3 f5 18. Nd5 Kf7 19. e4 Bxd5 20. cxd5 Nd6 21. Bd3
f4 22. Rdc1 Ra7 23. a4 g5 24. Rc6 a5 25. Rac1 Rd7 26. g3 Kf6 27. Kg2 Bf8 28.
Kh3 Rg7 29. Rg1 Rb7 30. Ba6 Ra7 31. Bc8 Re7 32. gxf4 gxf4 33. Bc3 Rg7 34. Rg4
Rxg4 35. Bxg4 Be7 36. Bf5 Bd8 1-0

[Event "9. LGA Premium Cup 2012"]
[Site "Nürnberg"]
[Date "2012.09.07"]
[Round "4.52"]
[White "Neumann, Robert"]
[Black "Zimmermann, Ulrich"]
[Result "0-1"]
[WhiteElo "1875"]
[BlackElo "2219"]
[PlyCount "44"]
[EventDate "2012.??.??"]
[WhiteTeam "SC Noris-Tarrasch Nürnberg 1873"]
[BlackTeam "SK Bebenhausen 1992"]

1. c4 Nf6 2. Nf3 c5 3. d4 cxd4 4. Nxd4 e5 5. Nf3 Nc6 6. Nc3 Bc5 7. e3 O-O 8.
Be2 a6 9. O-O e4 10. Nd4 Qe7 11. Na4 Ba7 12. Nf5 Qe5 13. Ng3 b5 14. Nc3 bxc4
15. Bxc4 Ne7 16. Bd2 d5 17. Be2 Nf5 18. Nxf5 Qxf5 19. Rc1 Qg5 20. Kh1 Bb8 21.
f4 exf3 22. Bxf3 Qh4 0-1

[Event "9. LGA Premium Cup 2012"]
[Site "Nürnberg"]
[Date "2012.09.07"]
[Round "4.53"]
[White "Hirschberg, Leander"]
[Black "Kannenberg, Karl-Heinz"]
[Result "0-1"]
[WhiteElo "1726"]
[BlackElo "2199"]
[PlyCount "116"]
[EventDate "2012.??.??"]
[WhiteTeam "SV Pfinztal e. V."]
[BlackTeam "SC Kitzingen von 1905"]

1. e4 d5 2. exd5 Qxd5 3. Nc3 Qa5 4. Nf3 c6 5. d4 Nf6 6. Bc4 Bf5 7. O-O e6 8.
Bd2 Qd8 9. Ne2 Be7 10. c3 O-O 11. Ng3 Bg6 12. Qe2 Nbd7 13. Bb3 a5 14. Be3 Qc7
15. Rfd1 Nd5 16. Bxd5 cxd5 17. Nf1 Rfc8 18. Rdc1 Rab8 19. Qd2 Bd6 20. Nh4 Nf6
21. Nxg6 hxg6 22. h3 Qc6 23. Qe2 b5 24. Rc2 Rb7 25. Rac1 Rbc7 26. Nd2 Nd7 27.
Nb3 Qb6 28. Qd3 Rc6 29. Qe2 Qa6 30. Qd3 R8c7 31. Nd2 Nb8 32. Nb3 a4 33. Nd2 b4
34. Qxa6 Nxa6 35. Nb1 Nb8 36. Re2 Nd7 37. Ree1 bxc3 38. Rxc3 Bb4 39. Rxc6 Rxc6
40. Rc1 Nb8 41. Kf1 Kf8 42. Ke2 Rb6 43. a3 Ba5 44. Rc2 Nc6 45. Kd3 Ke7 46. Nc3
Rb3 47. f4 Kd7 48. Ke2 Bxc3 49. bxc3 Na5 50. Bc1 Nc4 51. Kd3 Nxa3 52. Ra2 Nb5
53. Bd2 Ra3 54. Rb2 Kc6 55. Kc2 Ra1 56. Bc1 Na3+ 57. Kd1 Nb5 58. Kc2 Nxc3 0-1

[Event "9. LGA Premium Cup 2012"]
[Site "Nürnberg"]
[Date "2012.09.07"]
[Round "4.55"]
[White "Fiedler, Wolfgang"]
[Black "Koch, Moritz"]
[Result "0-1"]
[WhiteElo "2016"]
[BlackElo "2261"]
[PlyCount "126"]
[EventDate "2012.??.??"]
[WhiteTeam "SK Zirndorf e.V."]
[BlackTeam "SV Puschendorf 1949 e.V."]

1. f4 g6 2. Nf3 Bg7 3. d4 d5 4. e3 Nh6 5. c4 c6 6. Nc3 O-O 7. Bd3 b6 8. cxd5
cxd5 9. O-O Bf5 10. Be2 Bc8 11. b3 Bb7 12. Ba3 Nf5 13. Qd2 a6 14. Rac1 Nd6 15.
Ne5 f6 16. Nd3 e6 17. Nf2 Rf7 18. Na4 Bf8 19. Bb2 Nd7 20. Bg4 Re7 21. Qc2 Rc8
22. Qd2 Bc6 23. Nc3 b5 24. Nd3 Qb6 25. Ba3 Ree8 26. Nc5 f5 27. Bf3 a5 28. Nxd7
Bxd7 29. Bc5 Qb8 30. Nd1 b4 31. Nf2 Bb5 32. Be2 Bxe2 33. Qxe2 Nb5 34. Bxf8 Rxf8
35. Qd2 Nc3 36. a4 Rc7 37. Nd3 Ne4 38. Qb2 Rc3 39. Rxc3 bxc3 40. Qc2 Rc8 41.
Rc1 Qb6 42. Re1 Qd6 43. g3 Qa3 44. Kg2 Rb8 45. Nc1 Qb2 46. Re2 Nd2 47. Rxd2
cxd2 48. Qxb2 d1=Q 49. Qc3 Re8 50. Nd3 Qe2+ 51. Nf2 h6 52. h4 Re7 53. Qxa5 Qxe3
54. Qc5 Rg7 55. Qb6 g5 56. fxg5 hxg5 57. h5 f4 58. g4 Qg3+ 59. Kf1 Qe3 60. h6
f3 61. Qb5 Qc1+ 62. Nd1 Qxd1+ 63. Kf2 Qd2+ 0-1

[Event "9. LGA Premium Cup 2012"]
[Site "Nürnberg"]
[Date "2012.09.07"]
[Round "4.56"]
[White "Bingert, Tim Niklas"]
[Black "Krauseneck, Peter"]
[Result "1-0"]
[WhiteElo "1931"]
[BlackElo "2212"]
[PlyCount "119"]
[EventDate "2012.??.??"]
[WhiteTeam "SK Langen"]
[BlackTeam "SC 1868 Bamberg"]

1. e4 e6 2. d4 d5 3. Nd2 Nf6 4. e5 Nfd7 5. Bd3 c5 6. c3 Qb6 7. Ndf3 f6 8. exf6
Nxf6 9. Ne2 cxd4 10. cxd4 Bd6 11. O-O O-O 12. Rb1 Nc6 13. Bf4 Nb4 14. Bxd6 Qxd6
15. a3 Nxd3 16. Qxd3 Bd7 17. Ne5 a6 18. Nc3 Rac8 19. Rfe1 Rc7 20. Re3 Qb6 21.
Qd2 Rfc8 22. Rbe1 Be8 23. f3 Qa7 24. Rc1 Nd7 25. Ne2 Nxe5 26. Rxe5 Rxc1+ 27.
Nxc1 Qb6 28. Ne2 Bg6 29. Nc3 Rc4 30. Qe3 Qxb2 31. Rxe6 Rc8 32. Ne2 Bf7 33. Re5
h6 34. h3 Rc2 35. Kh2 Qb5 36. Nf4 Rc4 37. h4 Qc6 38. Ne2 Qd6 39. Nf4 Ra4 40.
Qc3 Qf8 41. Nxd5 Bxd5 42. Rxd5 Rxa3 43. Qc7 Re3 44. Rd8 Re8 45. Rxe8 Qxe8 46.
Qxb7 Qd8 47. Qe4 a5 48. d5 Qd7 49. Qc4 a4 50. Qc6 Qd8 51. Qxa4 Qxd5 52. Qe8+
Kh7 53. Qe4+ Qxe4 54. fxe4 Kg6 55. g4 Kf6 56. Kg3 Ke5 57. Kf3 g6 58. Ke3 g5 59.
h5 Ke6 60. Kd4 1-0

[Event "9. LGA Premium Cup 2012"]
[Site "Nürnberg"]
[Date "2012.09.07"]
[Round "4.57"]
[White "Straschewski, Jörg"]
[Black "Seibold, Hubert"]
[Result "0-1"]
[WhiteElo "2008"]
[BlackElo "2195"]
[PlyCount "134"]
[EventDate "2012.??.??"]
[WhiteTeam "TSV Cadolzburg e.V."]
[BlackTeam "SK Zirndorf e.V."]

1. d4 d5 2. c4 c6 3. Nc3 Nf6 4. cxd5 cxd5 5. Nf3 Nc6 6. Bf4 Bf5 7. e3 e6 8. Ne5
Nxe5 9. Bxe5 Nd7 10. Qb3 Nxe5 11. dxe5 Be7 12. Bb5+ Kf8 13. O-O f6 14. Rfd1 Qb6
15. exf6 gxf6 16. Na4 Qa5 17. Rac1 a6 18. Bd3 Bxd3 19. Rxd3 b5 20. Nc3 Rc8 21.
Rcd1 Qb4 22. Qc2 Qg4 23. f3 Qg6 24. Qd2 Kf7 25. Ne2 Rhd8 26. Nf4 Qg5 27. Rc1
Qe5 28. Rxc8 Rxc8 29. Ne2 Bd6 30. g3 h5 31. e4 Bc5+ 32. Kg2 dxe4 33. Rd7+ Be7
34. Qh6 exf3+ 35. Kxf3 Qf5+ 36. Kg2 Rc2 37. Rd2 Qe4+ 38. Kh3 Qg4+ 39. Kg2 Qe4+
40. Kh3 Qf5+ 41. Kg2 Rxd2 42. Qxd2 h4 43. Nf4 Qe4+ 44. Kh3 hxg3 45. hxg3 Qh1+
46. Qh2 Qxh2+ 47. Kxh2 Bd6 48. Ne2 f5 49. Kg2 e5 50. Kf3 Ke6 51. g4 e4+ 52. Ke3
fxg4 53. Kxe4 Be5 54. b3 Kd6 55. Nc1 Ke6 56. Nd3 Bd6 57. a4 g3 58. Ne1 Bc5 59.
axb5 axb5 60. Kf3 Bf2 61. Nd3 Kd5 62. Nxf2 gxf2 63. Kxf2 Kd4 64. Ke2 Kc3 65. b4
Kxb4 66. Kd2 Kb3 67. Kc1 Ka2 0-1

[Event "9. LGA Premium Cup 2012"]
[Site "Nürnberg"]
[Date "2012.09.07"]
[Round "4.58"]
[White "Berger, Stefan"]
[Black "Dehlinger, Alexander"]
[Result "0-1"]
[WhiteElo "1988"]
[BlackElo "2177"]
[PlyCount "118"]
[EventDate "2012.??.??"]
[WhiteTeam "SUI"]
[BlackTeam "SC Garching 1980 e.V."]

1. d4 Nf6 2. Nf3 e6 3. Bf4 c5 4. c3 b6 5. e3 Bb7 6. Nbd2 Be7 7. Bb5 O-O 8. h3
d6 9. O-O Nbd7 10. Qe2 d5 11. Rfd1 a6 12. Ba4 cxd4 13. exd4 a5 14. Bb5 Qc8 15.
Bd3 Ba6 16. Ne5 Bxd3 17. Qxd3 Nxe5 18. Bxe5 Nd7 19. Bg3 Qa6 20. Nf3 Qxd3 21.
Rxd3 b5 22. Ne5 Nxe5 23. Bxe5 Rfc8 24. Rg3 f6 25. Bf4 Kf7 26. Re1 b4 27. Rd3
Ra6 28. Bd2 Rb6 29. Kf1 bxc3 30. Rxc3 Rxc3 31. Bxc3 Bb4 32. Re2 Bxc3 33. bxc3
Ke7 34. Rc2 Kd6 35. Ke2 e5 36. Kd3 e4+ 37. Kd2 f5 38. Kc1 a4 39. c4 dxc4 40.
Rxc4 Rc6 41. Rxc6+ Kxc6 42. Kd2 Kd5 43. Ke3 g5 44. g3 h5 45. h4 g4 46. Kf4 Kxd4
47. Kg5 Kd3 48. Kxh5 f4 49. gxf4 e3 50. fxe3 g3 51. f5 g2 52. Kg6 g1=Q+ 53. Kf7
Qh2 54. f6 Qxa2+ 55. Ke7 Qa3+ 56. Ke8 Qd6 57. f7 Qe6+ 58. Kf8 a3 59. Kg7 Qg4+
0-1

[Event "9. LGA Premium Cup 2012"]
[Site "Nürnberg"]
[Date "2012.09.07"]
[Round "4.59"]
[White "Nuding, Matthias"]
[Black "Klyszcz, Michael"]
[Result "1/2-1/2"]
[WhiteElo "2182"]
[BlackElo "2023"]
[PlyCount "100"]
[EventDate "2012.??.??"]
[WhiteTeam "SC Noris-Tarrasch Nürnberg 1873"]
[BlackTeam "SG 1871 Löberitz"]

1. e4 e6 2. d4 d5 3. Nd2 Nf6 4. e5 Nfd7 5. Bd3 c5 6. c3 Nc6 7. Ngf3 Qb6 8. O-O
cxd4 9. cxd4 Nxd4 10. Nxd4 Qxd4 11. Nf3 Qb6 12. Qa4 Qb4 13. Qc2 Bc5 14. Bd2 Qg4
15. Rac1 Bb6 16. h3 Qh5 17. Qa4 O-O 18. Rxc8 Raxc8 19. Qxd7 Rc7 20. Qa4 Rfc8
21. Qf4 Rf8 22. Ng5 h6 23. Nh7 Rfc8 24. Nf6+ gxf6 25. Qxf6 Bc5 26. Bxh6 Bf8 27.
Bxf8 Rxf8 28. Re1 Qh8 29. Qf4 Rfc8 30. Re3 a6 31. Qb4 f5 32. exf6 Qxf6 33. Qg4+
Rg7 34. Qxe6+ Qxe6 35. Rxe6 Rc1+ 36. Kh2 Rd1 37. Bg6 Rc7 38. f4 Rd2 39. h4 Rc6
40. Re8+ Kg7 41. h5 Rxb2 42. Re7+ Kf6 43. Rf7+ Ke6 44. Rf8 Ke7 45. Rg8 Rbb6 46.
f5 Rb4 47. Rh8 Kf6 48. h6 Kg5 49. h7 Rxg6 50. fxg6 Kxg6 1/2-1/2

[Event "9. LGA Premium Cup 2012"]
[Site "Nürnberg"]
[Date "2012.09.07"]
[Round "4.60"]
[White "Hartmann, Thomas"]
[Black "Martin, Stefan"]
[Result "1/2-1/2"]
[WhiteElo "2005"]
[BlackElo "2166"]
[PlyCount "63"]
[EventDate "2012.??.??"]
[WhiteTeam "SC Weisse Dame Ulm e.V."]
[BlackTeam "SC 1934 Viernheim"]

1. d4 Nf6 2. c4 e6 3. Nc3 Bb4 4. Qc2 d5 5. a3 Bxc3+ 6. bxc3 c5 7. e3 Nc6 8. Bd3
Na5 9. cxd5 exd5 10. dxc5 O-O 11. Nf3 Qc7 12. a4 Re8 13. Ba3 Nc4 14. Bxc4 dxc4
15. Nd4 Ne4 16. Qe2 Nxc5 17. Qxc4 b6 18. O-O Ba6 19. Nb5 Qc6 20. Bxc5 bxc5 21.
Qb3 Bb7 22. f3 Rxe3 23. Rae1 Rxe1 24. Rxe1 Re8 25. Rxe8+ Qxe8 26. Kf2 Ba6 27.
Qd5 h6 28. Qxc5 Qe6 29. c4 Qg6 30. Qxa7 Qc2+ 31. Kg3 Qg6+ 32. Kf2 1/2-1/2

[Event "9. LGA Premium Cup 2012"]
[Site "Nürnberg"]
[Date "2012.09.07"]
[Round "4.62"]
[White "Kotz, Reinhard"]
[Black "Siegel, Adrian"]
[Result "1-0"]
[WhiteElo "2153"]
[BlackElo "2015"]
[PlyCount "39"]
[EventDate "2012.??.??"]
[WhiteTeam "SV Puschendorf 1949 e.V."]
[BlackTeam "SUI"]

1. e4 e6 2. b3 d5 3. Bb2 dxe4 4. Nc3 Nf6 5. Qe2 Bb4 6. O-O-O Qe7 7. Kb1 Bxc3 8.
dxc3 Bd7 9. g4 h6 10. Bg2 a5 11. c4 a4 12. h4 e5 13. g5 hxg5 14. hxg5 Nh7 15.
Bxe4 g6 16. Bxb7 Ra7 17. Qxe5 Rxb7 18. Qxh8+ Nf8 19. Nf3 Nc6 20. Ne5 1-0

[Event "9. LGA Premium Cup 2012"]
[Site "Nürnberg"]
[Date "2012.09.07"]
[Round "4.63"]
[White "Lodes, Hermann"]
[Black "Osmanovic, Faruk"]
[Result "1/2-1/2"]
[WhiteElo "2132"]
[BlackElo "2006"]
[PlyCount "29"]
[EventDate "2012.??.??"]
[WhiteTeam "SF Burgsinn"]
[BlackTeam "SC Blauer Turm Bad Wimpfen"]

1. c4 Nf6 2. g3 e6 3. Bg2 d5 4. Nf3 Bd6 5. d4 c6 6. Qc2 Nbd7 7. O-O O-O 8. Rd1
Ne4 9. Nfd2 f5 10. Nxe4 fxe4 11. f3 exf3 12. Bxf3 Kh8 13. Be3 Nf6 14. Nd2 Bd7
15. Bf2 1/2-1/2

[Event "9. LGA Premium Cup 2012"]
[Site "Nürnberg"]
[Date "2012.09.07"]
[Round "4.65"]
[White "Krah, Michael"]
[Black "Nöckler, Alexander"]
[Result "1-0"]
[WhiteElo "2091"]
[BlackElo "1975"]
[PlyCount "79"]
[EventDate "2012.??.??"]
[WhiteTeam "SV Alsfeld"]
[BlackTeam "Schachklub Weiden 1907"]

1. d4 d5 2. Nf3 Nf6 3. Bf4 e6 4. e3 Be7 5. Nbd2 a6 6. Bd3 b6 7. Ne5 Bb7 8. c3
O-O 9. Qf3 Nbd7 10. Qh3 Ne4 11. f3 Nef6 12. g4 g6 13. Qg3 Nh5 14. Qh3 Nxf4 15.
exf4 Re8 16. Nxf7 Bh4+ 17. Kf1 Kxf7 18. g5 Kg8 19. Qxh4 c5 20. Kg2 Qc7 21. Rae1
Qd6 22. Qg4 Re7 23. Re3 Rae8 24. Rhe1 Bc8 25. h4 e5 26. fxe5 Nxe5 27. Qg3 Nxd3
28. Qxd6 Nxe1+ 29. Rxe1 Rxe1 30. Qxd5+ Be6 31. Qc6 Bf5 32. Nc4 R1e6 33. Qb7
cxd4 34. cxd4 R8e7 35. Qxa6 Bd3 36. Qa8+ Re8 37. Qd5 Bxc4 38. Qxc4 Kg7 39. d5
Rd6 40. Qc7+ 1-0

[Event "9. LGA Premium Cup 2012"]
[Site "Nürnberg"]
[Date "2012.09.07"]
[Round "4.66"]
[White "Dreiseitel, Werner"]
[Black "Konsek, Peter"]
[Result "0-1"]
[WhiteElo "1584"]
[BlackElo "2075"]
[PlyCount "67"]
[EventDate "2012.??.??"]
[WhiteTeam "SC Noris-Tarrasch Nürnberg 1873"]
[BlackTeam "SW Nürnberg Süd e.V."]

1. d4 Nf6 2. c4 e6 3. Nc3 Bb4 4. Qc2 Nc6 5. Nf3 O-O 6. Bg5 h6 7. Bh4 d6 8. e3
e5 9. d5 Nb8 10. Be2 a5 11. O-O g5 12. Bg3 Bxc3 13. Qxc3 Ne4 14. Qc2 f5 15. h3
Na6 16. a3 Nac5 17. Bh2 a4 18. Nd2 Nxd2 19. Qxd2 Nb3 20. Qc2 Nxa1 21. Rxa1 Qf6
22. Rc1 f4 23. e4 b6 24. f3 h5 25. Kh1 g4 26. hxg4 hxg4 27. fxg4 Kg7 28. Rf1
Qh4 29. Qd3 Rh8 30. Qh3 Qg5 31. Qd3 Bxg4 32. g3 Raf8 33. Kg2 Bh3+ 34. Kf3 0-1

[Event "9. LGA Premium Cup 2012"]
[Site "Nürnberg"]
[Date "2012.09.07"]
[Round "4.67"]
[White "Göttle, Artur"]
[Black "Stabernack, Joschi"]
[Result "0-1"]
[WhiteElo "2075"]
[BlackElo "1970"]
[PlyCount "96"]
[EventDate "2012.??.??"]
[WhiteTeam "SC Dillingen"]
[BlackTeam "Kasseler SK 1876"]

1. d4 Nf6 2. c4 g6 3. Nf3 Bg7 4. Nc3 O-O 5. g3 d6 6. Bg2 Nbd7 7. O-O e5 8. e4
a5 9. d5 Nc5 10. Ne1 Nfd7 11. f4 exf4 12. Bxf4 Ne5 13. Bxe5 Bxe5 14. Nd3 Nxd3
15. Qxd3 Bd7 16. a4 Qe7 17. Ra2 f5 18. exf5 Rxf5 19. Rxf5 Bxf5 20. Ne4 Re8 21.
b3 Bxe4 22. Bxe4 Bxg3 23. Qxg3 Qxe4 24. Rf2 Qe3 25. Kg2 Qxg3+ 26. hxg3 Re3 27.
Rb2 Kg7 28. Kf2 Rd3 29. b4 axb4 30. Rxb4 b6 31. a5 bxa5 32. Rb7 a4 33. Rxc7+
Kf6 34. Rxh7 Rc3 35. Rc7 a3 36. Ra7 Ke5 37. Ra6 g5 38. Kg2 g4 39. Kf2 Rf3+ 40.
Kg2 Rb3 41. Kf2 Rc3 42. Ra4 Kd4 43. c5+ Kxc5 44. Rxg4 Rc4 45. Rg8 Ra4 46. Rc8+
Kxd5 47. Rc1 a2 48. Ra1 Kc4 0-1